<?xml version="1.0" encoding="UTF-8"?>
<record
    xmlns:xsi="http://www.w3.org/2001/XMLSchema-instance"
    xsi:schemaLocation="http://www.loc.gov/MARC21/slim http://www.loc.gov/standards/marcxml/schema/MARC21slim.xsd"
    xmlns="http://www.loc.gov/MARC21/slim">

  <leader>02618nam a22002777a 4500</leader>
  <controlfield tag="005">20240305165501.0</controlfield>
  <controlfield tag="007">cr||||   |||| </controlfield>
  <controlfield tag="008">180312s2016    es |||||s|||| 00||0 spa d</controlfield>
  <datafield tag="020" ind1=" " ind2=" ">
    <subfield code="a">978-84-9123-336-7</subfield>
  </datafield>
  <datafield tag="035" ind1=" " ind2=" ">
    <subfield code="a">21034</subfield>
  </datafield>
  <datafield tag="040" ind1=" " ind2=" ">
    <subfield code="a">vLex</subfield>
  </datafield>
  <datafield tag="090" ind1=" " ind2=" ">
    <subfield code="c">7453</subfield>
    <subfield code="d">7453</subfield>
  </datafield>
  <datafield tag="100" ind1="1" ind2=" ">
    <subfield code="a">Garc&#xED;a Ureta, Agust&#xED;n</subfield>
  </datafield>
  <datafield tag="245" ind1="1" ind2="2">
    <subfield code="a">La directiva de la Uni&#xF3;n Europea de evaluaci&#xF3;n de impacto ambiental de proyectos</subfield>
    <subfield code="h">[Recurso electr&#xF3;nico] :</subfield>
    <subfield code="b">balance de treinta a&#xF1;os /</subfield>
    <subfield code="c">Agust&#xED;n Garc&#xED;a Ureta</subfield>
  </datafield>
  <datafield tag="256" ind1=" " ind2=" ">
    <subfield code="a">Servicio en l&#xED;nea</subfield>
  </datafield>
  <datafield tag="260" ind1=" " ind2=" ">
    <subfield code="a">Madrid:</subfield>
    <subfield code="b">Marcial Pons,</subfield>
    <subfield code="c">2016</subfield>
  </datafield>
  <datafield tag="300" ind1=" " ind2=" ">
    <subfield code="a">1 recurso electr&#xF3;nico</subfield>
  </datafield>
  <datafield tag="500" ind1=" " ind2=" ">
    <subfield code="a">El presente libro recoge las ponencias presentadas a una jornada celebrada en Bilbao el 15 de octubre de 2015 sobre los treinta a&#xF1;os de la Directiva de la Uni&#xF3;n Europea de evaluaci&#xF3;n de impacto ambiental de proyectos de construcci&#xF3;n. La Directiva constituye uno de los principales pilares de la pol&#xED;tica ambiental de la UE, lo que justifica analizar la incidencia que ha tenido en los Estados miembros durante estos primeros treinta a&#xF1;os de existencia.  Las ponencias, preparadas por profesores universitarios con amplia experiencia en la materia, abarcan la jurisprudencia del Tribunal de Justicia de la UE, los requisitos sustantivos de la evaluaci&#xF3;n y su significado, la participaci&#xF3;n p&#xFA;blica en los procedimientos de evaluaci&#xF3;n, la vertiente transfronteriza, la transposici&#xF3;n de la Directiva (y de sus sucesivas modificaciones) en el Estado espa&#xF1;ol y en la Comunidad Aut&#xF3;noma del Pa&#xED;s Vasco, las relaciones entre la evaluaci&#xF3;n de proyectos y la denominada &#xAB;estrat&#xE9;gica&#xBB; o de planes y programas y la reforma de la directiva que se llev&#xF3; a cabo en 2014, reforzando algunas de las obligaciones originales adoptadas en 1985. Con ello, el lector cuenta con una referencia actualizada sobre el papel que desempe&#xF1;a esta Directiva en el entramado normativo ambiental y las perspectivas que va a plantear en el futuro.</subfield>
  </datafield>
  <datafield tag="506" ind1="1" ind2=" ">
    <subfield code="a">Disponible solo en los productos indicados</subfield>
    <subfield code="d">vLex Global</subfield>
    <subfield code="d">vLex Global (Academic Edition, excluding Law Schools)</subfield>
    <subfield code="d">vLex Global (U.S. Academic Edition, Law Schools)</subfield>
    <subfield code="d">vLex Global (U.S. Academic Edition, excluding Law Schools)</subfield>
    <subfield code="d">vLex Global (Academic Edition, Law Schools)</subfield>
  </datafield>
  <datafield tag="650" ind1="0" ind2="4">
    <subfield code="a">Derecho P&#xFA;blico y Administrativo</subfield>
    <subfield code="z">Espa&#xF1;a</subfield>
  </datafield>
  <datafield tag="650" ind1="0" ind2="4">
    <subfield code="a">Derecho Comunitario</subfield>
    <subfield code="z">Espa&#xF1;a</subfield>
  </datafield>
  <datafield tag="650" ind1="0" ind2="4">
    <subfield code="a">Derecho del Medio Ambiente</subfield>
    <subfield code="z">Espa&#xF1;a</subfield>
  </datafield>
  <datafield tag="740" ind1="0" ind2=" ">
    <subfield code="a">vLex Libros (Servicio en l&#xED;nea)</subfield>
  </datafield>
  <datafield tag="856" ind1="4" ind2="0">
    <subfield code="u">https://app.vlex.com/#/sources/directiva-de-la-union-europea-de-evaluacion-de-impacto-ambiental-de-proyectos-balance-de-treinta-a-os-21034</subfield>
  </datafield>
  <datafield tag="942" ind1=" " ind2=" ">
    <subfield code="c">RAA</subfield>
  </datafield>
  <datafield tag="952" ind1=" " ind2=" ">
    <subfield code="0">0</subfield>
    <subfield code="1">0</subfield>
    <subfield code="4">0</subfield>
    <subfield code="7">0</subfield>
    <subfield code="8">VLEX</subfield>
    <subfield code="9">323669</subfield>
    <subfield code="a">BD-UIN</subfield>
    <subfield code="b">BD-UIN</subfield>
    <subfield code="d">2024-03-05</subfield>
    <subfield code="l">0</subfield>
    <subfield code="p">21034</subfield>
    <subfield code="r">2024-03-05</subfield>
    <subfield code="w">2024-03-05</subfield>
    <subfield code="y">RAA</subfield>
  </datafield>
  <datafield tag="999" ind1=" " ind2=" ">
    <subfield code="c">165692</subfield>
    <subfield code="d">165692</subfield>
  </datafield>
</record>
